№ 9; Информационные технологии; Задачи двумерной упаковки: развитие генетических алгоритмов на базе смешанных процедур локального поиска оптимального решения

Xehetasun bibliografikoak
Parent link:Информационные технологии: теоретический и прикладной научно-технический журнал. № 9.— , 2000-
Hizkuntza:errusiera
Argitaratua: 2001
TOC:А. С. Мухачева [и др.], Задачи двумерной упаковки: развитие генетических алгоритмов на базе смешанных процедур локального поиска оптимального решения;
Formatua: MixedMaterials Liburua
KOHA link:https://koha.lib.tpu.ru/cgi-bin/koha/opac-detail.pl?biblionumber=506353

MARC

LEADER 00000nam2a2200000 4500
001 506353
005 20231101103214.0
035 |a (RuTPU)RU\TPU\prd\177249 
035 |a RU\TPU\prd\177237 
090 |a 506353 
100 |a 20130508a20019999km y0rusy50 ca 
101 0 |a rus 
102 |a RU 
200 0 |a № 9 
210 |d 2001 
461 1 |0 (RuTPU)RU\TPU\prd\1520  |t Информационные технологии  |o теоретический и прикладной научно-технический журнал  |v № 9  |d 2000- 
464 |t Задачи двумерной упаковки: развитие генетических алгоритмов на базе смешанных процедур локального поиска оптимального решения  |o приложение к журналу  |f А. С. Мухачева [и др.] 
801 0 |a RU  |b 63413507  |c 20010227  |g PSBO 
801 1 |a RU  |b 63413507  |c 20130415 
801 2 |a RU  |b 63413507  |c 20130508  |g RCR 
942 |c BK 
999 |a НТБ_ТПУ  |b НФ  |e -4/20130109  |p П-9231  |u 0,00  |v 1